[Event "EICC 2021"]
[Site "Reykjavik"]
[Date "2021.09.03"]
[Round "9.39"]
[White "Stefansson, Hannes"]
[Black "Samadov, Read"]
[Result "1/2-1/2"]
[WhiteElo "2519"]
[BlackElo "2360"]
[Annotator "ChessBase"]
[PlyCount "113"]
[EventDate "2021.08.26"]
[EventType "swiss"]
[EventCountry "ISL"]
[Tiebreak "Cut1 Buchholz"]
[SourceTitle "playchess.com"]
[Source "ChessBase"]
[SourceQuality "1"]
[TimeControl "40/5400+30:1800+30"]

1. d4 {[%emt 0:00:07]} Nf6 {[%emt 0:00:06]} 2. c4 {[%emt 0:00:18]} e6 {[%emt 0:
00:11]} 3. Nf3 {[%emt 0:00:15]} d5 {[%emt 0:00:26]} 4. Nc3 {[%emt 0:00:25]} Bb4
{[%emt 0:00:20]} 5. cxd5 {[%emt 0:00:33]} exd5 {[%emt 0:00:09]} 6. Bg5 {
[%emt 0:00:24]} O-O {[%emt 0:01:37]} 7. e3 {[%emt 0:01:02]} h6 {[%emt 0:00:36]}
8. Bh4 {[%emt 0:00:15]} Bf5 {[%emt 0:01:47]} 9. Be2 {[%emt 0:01:31]} Nbd7 {
[%emt 0:05:15]} 10. O-O {[%emt 0:01:40]} c6 {[%emt 0:04:52]} 11. Qb3 {[%emt 0:
01:39]} Qb6 {[%emt 0:05:30]} 12. Bg3 {[%emt 0:12:14]} Be7 {[%emt 0:03:10]} 13.
Nd2 {[%emt 0:01:22]} Rfe8 {[%emt 0:03:17]} 14. Rac1 {[%emt 0:02:36]} Rac8 {
[%emt 0:02:56]} 15. Rfd1 {[%emt 0:02:40]} Be6 {[%emt 0:10:28]} 16. a3 {[%emt 0:
05:13]} g6 {[%emt 0:03:45]} 17. h3 {[%emt 0:01:47]} Kg7 {[%emt 0:02:14]} 18.
Bh2 {[%emt 0:02:40]} h5 {[%emt 0:05:42]} 19. Bd3 {[%emt 0:04:48]} Rh8 {[%emt 0:
05:11]} 20. Ne2 {[%emt 0:09:16]} Nf8 {[%emt 0:11:05]} 21. Qc3 {[%emt 0:03:03]}
Qd8 {[%emt 0:03:32]} 22. e4 {[%emt 0:04:59]} dxe4 {[%emt 0:01:41]} 23. Nxe4 {
[%emt 0:00:12]} Nd5 {[%emt 0:04:53]} 24. Qd2 {[%emt 0:00:28]} Nd7 {[%emt 0:01:
32]} 25. Nd6 {[%emt 0:02:43]} Bxd6 {[%emt 0:01:41]} 26. Bxd6 {[%emt 0:00:06]}
h4 {[%emt 0:01:48]} 27. Nc3 {[%emt 0:02:23]} Rh5 {[%emt 0:01:20]} 28. Be2 {
[%emt 0:01:00]} Rh8 {[%emt 0:02:24]} 29. Bf3 {[%emt 0:00:45]} N7b6 {[%emt 0:05:
03]} 30. Ne4 {[%emt 0:01:04]} Bf5 {[%emt 0:01:35]} 31. Be5+ {[%emt 0:01:00]} f6
{[%emt 0:00:23]} 32. Bh2 {[%emt 0:00:11]} Bxe4 {[%emt 0:00:49]} 33. Bxe4 {
[%emt 0:00:06]} Qe8 {[%emt 0:02:02]} 34. Qd3 {[%emt 0:02:58]} Qf7 {[%emt 0:01:
06]} 35. Kh1 {[%emt 0:00:30]} Rce8 {[%emt 0:01:55]} 36. Rg1 {[%emt 0:00:35]}
Re6 {[%emt 0:04:46]} 37. Qf3 {[%emt 0:02:45]} Rh5 {[%emt 0:02:11]} 38. Bd3 {
[%emt 0:03:45]} Nc8 {[%emt 0:00:57]} 39. g4 {[%emt 0:03:17]} hxg3 {[%emt 0:00:
57]} 40. Rxg3 {[%emt 0:00:14]} g5 {[%emt 0:00:46]} 41. Rg4 {[%emt 0:31:57]}
Nce7 {[%emt 0:05:00]} 42. h4 {[%emt 0:00:00]} Ng6 {[%emt 0:02:31]} 43. Bxg6 {
[%emt 0:00:00]} Qxg6 {[%emt 0:01:22]} 44. hxg5 {[%emt 0:00:00]} fxg5 {[%emt 0:
02:24]} 45. Kg1 {[%emt 0:00:00]} Qf7 {[%emt 0:04:50]} 46. Be5+ {[%emt 0:00:00]}
Kg6 {[%emt 0:01:27]} 47. Qg2 {[%emt 0:00:00]} Qf5 {[%emt 0:01:20]} 48. Qe4 {
[%emt 0:00:00]} Qxe4 {[%emt 0:03:57]} 49. Rxe4 {[%emt 0:00:00]} Kf5 {[%emt 0:
01:13]} 50. f3 {[%emt 0:00:00]} Reh6 {[%emt 0:02:20]} 51. Kg2 {[%emt 0:00:00]}
g4 {[%emt 0:01:23]} 52. Bg3 {[%emt 0:00:00]} gxf3+ {[%emt 0:01:23]} 53. Kxf3 {
[%emt 0:00:00]} Rh1 {[%emt 0:01:43]} 54. Re5+ {[%emt 0:01:33]} Kf6 {[%emt 0:00:
26]} 55. Ree1 {[%emt 0:00:17]} Rxe1 {[%emt 0:01:30]} 56. Rxe1 {[%emt 0:00:06]}
Kf7 {[%emt 0:00:39]} 57. Be5 {[%emt 0:01:17]} 1/2-1/2

[Event "EICC 2021"]
[Site "Reykjavik"]
[Date "2021.09.03"]
[Round "9.40"]
[White "Steingrimsson, Hedinn"]
[Black "Baltag, Iulian"]
[Result "1-0"]
[WhiteElo "2519"]
[BlackElo "2410"]
[Annotator "ChessBase"]
[PlyCount "100"]
[EventDate "2021.08.26"]
[EventType "swiss"]
[EventCountry "ISL"]
[Tiebreak "Cut1 Buchholz"]
[SourceTitle "playchess.com"]
[Source "ChessBase"]
[SourceQuality "1"]
[TimeControl "40/5400+30:1800+30"]

1. d4 {[%emt 0:00:32]} Nf6 {[%emt 0:00:21]} 2. c4 {[%emt 0:00:06]} e6 {[%emt 0:
00:05]} 3. Nc3 {[%emt 0:00:55]} Bb4 {[%emt 0:00:06]} 4. Qc2 {[%emt 0:00:05]} b6
{[%emt 0:00:04]} 5. e4 {[%emt 0:00:49]} c5 {[%emt 0:00:18]} 6. d5 {[%emt 0:00:
11]} Qe7 {[%emt 0:00:11]} 7. Nge2 {[%emt 0:02:18]} exd5 {[%emt 0:02:43]} 8.
exd5 {[%emt 0:00:05]} d6 {[%emt 0:00:26]} 9. Bd2 {[%emt 0:01:28]} O-O {[%emt 0:
00:13]} 10. f3 {[%emt 0:00:24]} a6 {[%emt 0:02:53]} 11. O-O-O {[%emt 0:03:16]}
b5 {[%emt 0:08:37]} 12. g4 {[%emt 0:08:24]} Nbd7 {[%emt 0:01:57]} 13. g5 {
[%emt 0:11:03]} Ne8 {[%emt 0:02:14]} 14. f4 {[%emt 0:02:11]} Nb6 {[%emt 0:00:
49]} 15. Ng3 {[%emt 0:03:16]} f5 {[%emt 0:01:25]} 16. a3 {[%emt 0:13:24]} Ba5 {
[%emt 0:01:46]} 17. b3 {[%emt 0:00:30]} bxc4 {[%emt 0:02:34]} 18. bxc4 {
[%emt 0:00:02]} Qb7 {[%emt 0:02:11]} 19. Re1 {[%emt 0:03:03]} Rb8 {[%emt 0:01:
12]} 20. Bd3 {[%emt 0:01:16]} Bd7 {[%emt 0:00:36]} 21. Re7 {[%emt 0:01:48]} Nc8
{[%emt 0:00:34]} 22. Rxd7 {[%emt 0:06:42]} Qxd7 {[%emt 0:00:11]} 23. Bxf5 {
[%emt 0:00:01]} Qb7 {[%emt 0:00:24]} 24. h4 {[%emt 0:26:16]} Nb6 {[%emt 0:07:
31]} 25. Bxh7+ {[%emt 0:02:08]} Kh8 {[%emt 0:00:06]} 26. Bd3 {[%emt 0:00:04]}
Nc8 {[%emt 0:05:15]} 27. h5 {[%emt 0:00:39]} Qb3 {[%emt 0:00:09]} 28. Qxb3 {
[%emt 0:00:57]} Rxb3 {[%emt 0:00:04]} 29. Kc2 {[%emt 0:00:10]} Rxa3 {[%emt 0:
01:33]} 30. f5 {[%emt 0:01:03]} Nb6 {[%emt 0:03:23]} 31. h6 {[%emt 0:00:39]}
Na4 {[%emt 0:01:20]} 32. Nge2 {[%emt 0:00:41]} Bb4 {[%emt 0:03:45]} 33. hxg7+ {
[%emt 0:01:30]} Kxg7 {[%emt 0:00:02]} 34. Rh6 {[%emt 0:00:05]} Ra1 {[%emt 0:09:
59]} 35. f6+ {[%emt 0:03:55]} Nxf6 {[%emt 0:01:29]} 36. Rg6+ {[%emt 0:00:02]}
Kf7 {[%emt 0:00:52]} 37. Rxf6+ {[%emt 0:00:24]} Kg7 {[%emt 0:00:25]} 38. Rxf8 {
[%emt 0:02:21]} Kxf8 {[%emt 0:00:02]} 39. Bf4 {[%emt 0:00:12]} Ke7 {[%emt 0:00:
49]} 40. Nxa4 {[%emt 0:00:27]} Rxa4 {[%emt 0:00:27]} 41. Ng3 {[%emt 0:30:45]}
Ra2+ {[%emt 0:30:26]} 42. Kd1 {[%emt 0:00:32]} Ra1+ {[%emt 0:01:56]} 43. Ke2 {
[%emt 0:00:02]} a5 {[%emt 0:01:01]} 44. Nf5+ {[%emt 0:00:04]} Kd7 {[%emt 0:00:
21]} 45. Nxd6 {[%emt 0:00:32]} a4 {[%emt 0:00:26]} 46. Bf5+ {[%emt 0:04:08]}
Ke7 {[%emt 0:01:57]} 47. Nb7 {[%emt 0:00:00]} Re1+ {[%emt 0:00:00]} 48. Kf2 {
[%emt 0:00:00]} a3 {[%emt 0:00:00]} 49. d6+ {[%emt 0:00:00]} Kf7 {[%emt 0:00:
00]} 50. d7 {[%emt 0:00:00]} Rd1 {[%emt 0:00:00]} 1-0

[Event "EICC 2021"]
[Site "Reykjavik"]
[Date "2021.09.04"]
[Round "10.1"]
[White "Demchenko, Anton"]
[Black "Keymer, Vincent"]
[Result "1/2-1/2"]
[WhiteElo "2597"]
[BlackElo "2602"]
[Annotator "TA"]
[PlyCount "101"]
[EventDate "2021.08.26"]
[EventType "swiss"]
[EventCountry "ISL"]
[Tiebreak "Cut1 Buchholz"]
[SourceTitle "playchess.com"]
[Source "ChessBase"]
[SourceQuality "1"]

{[%evp 10,101,29,8,12,9,40,33,40,4,8,12,8,12,12,15,23,8,12,17,31,0,0,0,0,-13,
-1,-4,0,0,10,0,0,0,0,0,0,0,3,0,0,-1,0,-15,-20,-81,-73,-344,-339,-320,-293,-490,
-483,-793,-797,-770,-760,-1108,-726,-974,-959,-794,-632,-528,0,0,0,0,0,0,0,0,0,
0,0,0,8,0,0,0,0,0,0,0,0,0,0,0,0,0,0,0,0,0]} 1. e4 c6 2. d4 d5 3. Nc3 dxe4 4.
Nxe4 Nf6 5. Nxf6+ exf6 6. Be3 Bd6 {B15: Caro-Kann: 3 Nc3: 3...g6 and 3...dxe4
4 Nxe4 Nf6 5 Nxf6+ exf6.} 7. Bd3 Nd7 (7... Na6 {feels hotter.} 8. a3 Bf5 9. Nf3
O-O 10. O-O Qd7) 8. Ne2 {[#]} (8. c3 {keeps more tension.} Nf8 9. Ne2 Ng6 10.
O-O O-O 11. Ng3) 8... f5 $146 {White is slightly better.} ({Predecessor:} 8...
O-O 9. Qd2 Re8 10. O-O-O b5 11. Bf4 Nb6 12. Bxd6 Qxd6 13. Qf4 Qd5 14. Nc3 Qg5
15. Qxg5 fxg5 {1/2-1/2 (30) Jurkovic,H (2438)-Cvorovic,D (2421) Sibenik 2006})
9. Bf4 Bxf4 10. Nxf4 O-O 11. O-O Nf6 12. c3 Qd6 13. Qf3 Re8 (13... g5 14. Nh5
$16) 14. Rfe1 Bd7 15. Ne2 g6 16. Qf4 Qe7 17. Kf1 Nd5 18. Qg3 Qf8 19. Nf4 Nf6
20. f3 c5 21. dxc5 Qxc5 22. Qf2 Qc7 23. Qd4 Bc6 {[#]} 24. Nxg6 $1 hxg6 25. Qxf6
Qf4 26. Qd4 Qxh2 27. Bc4 {[#]} (27. Rad1 $11) 27... Red8 $1 $40 {[%cal Rd8d4]
[%mdl 128] Black attacks with force.} 28. Qf6 {[%mdl 8192]} (28. Qf2 $17) 28...
Qh1+ $19 29. Kf2 Rd2+ {[%mdl 64] Double Attack} 30. Be2 $2 {[#]} (30. Ke3 {
is a better defense.} Qh6+ 31. f4) 30... Rxe2+ $1 {[%mdl 576] Deflection} 31.
Kxe2 (31. Rxe2 $142 Qxa1 32. a3) 31... Qxg2+ {[%mdl 64] Double Attack} 32. Kd3
Bxf3 {...Be4+ is the strong threat.} ({Not} 32... Bb5+ 33. c4 $17) 33. c4 b5 {
And now ...Be4+ would win.} 34. Kc3 Rc8 35. Rac1 a5 36. Kb3 {[#]} bxc4+ (36...
Bd5 $1 $19 {[%mdl 512]} 37. cxd5 Qxd5+ 38. Ka3 b4+ 39. Ka4 Rb8) 37. Ka3 $11 {
Black must now prevent Rxc4!The position is equal.} Qd2 {[%csl Ga5][%cal Rd2b4]
} 38. Rxc4 Rb8 39. Rh4 {[%csl Gf6][%cal Rh4h8]} Bh5 $1 40. Re7 Qd5 {Strongly
threatening ...Qc5+.} 41. Rc7 Qe6 42. Qxe6 fxe6 {[%mdl 4096] Endgame KRR-KRB}
43. Rd4 e5 44. Rdd7 Re8 $1 45. Kb3 f4 46. Kc3 e4 $1 47. Rg7+ Kh8 48. Rh7+ Kg8
49. Rhg7+ Kh8 50. Rh7+ Kg8 51. Rhg7+ {Black had all chances to win.  Weighted
Error Value: White=0.41/Black=0.23} 1/2-1/2

[Event "EICC 2021"]
[Site "Reykjavik"]
[Date "2021.09.04"]
[Round "10.2"]
[White "Mamedov, Rauf"]
[Black "Deac, Bogdan-Daniel"]
[Result "0-1"]
[WhiteElo "2654"]
[BlackElo "2639"]
[Annotator "TA"]
[PlyCount "80"]
[EventDate "2021.08.26"]
[EventType "swiss"]
[EventCountry "ISL"]
[Tiebreak "Cut1 Buchholz"]
[SourceTitle "playchess.com"]
[Source "ChessBase"]
[SourceQuality "1"]

{[%evp 13,80,0,6,0,8,-6,1,7,1,3,16,13,11,0,0,0,0,0,0,-18,-16,-10,-10,-32,-27,
-34,0,-26,0,-34,-14,-1,-13,-34,-34,-33,-41,-45,-29,-45,-30,-58,-58,-91,-89,-85,
-93,-118,-114,-130,-143,-125,-118,-137,-126,-129,-78,-218,-199,-213,-202,-195,
-208,-257,-260,-252,-206,-693,-679]} 1. Nf3 d5 2. g3 g6 3. Bg2 Bg7 4. O-O e5 5.
d3 Nc6 6. e4 Nge7 7. exd5 {outshines the older 7.Nc3.} Nxd5 8. Re1 {C44:
Ponziani Opening and Scotch Gambit.} O-O 9. a3 h6 10. Bd2 {[#] The position is
equal.} a5 $146 ({Predecessor:} 10... Bg4 11. h3 Be6 12. Nc3 b6 13. Qc1 Kh7 14.
Ne4 Qc8 15. c4 Nde7 16. b4 f6 {1-0 (27) Maiwald,J (2529)-Arnold,J (2312)
Germany 2001}) 11. Nc3 Be6 12. Rb1 a4 13. Nxd5 Bxd5 14. c4 Be6 15. Bc3 {
[%cal Rf3e5]} Qd6 16. Qe2 {[%cal Rf3e5]} Bf5 17. Rbd1 Rfe8 18. Nh4 Bd7 19. Nf3
Bf5 20. Nh4 Bd7 21. Nf3 Rad8 22. Qc2 b6 23. h3 Nd4 24. Bxd4 exd4 25. Nd2 Qc5
26. Bd5 Qa5 27. Kg2 h5 28. c5 Qxc5 29. Qxc5 bxc5 30. Rxe8+ Bxe8 31. Be4 f5 32.
Bf3 Bb5 33. Rc1 Bxd3 {[#] And now ...Bh6 would win.} 34. Rxc5 Bh6 (34... Rb8
$142 35. Nc4 Be4 36. Bxe4 fxe4 37. Rxc7 d3) 35. Bd5+ {Loses the game.} (35. Nc4
$17 {was forced.}) 35... Kh8 36. f4 Bf8 37. Ra5 Rb8 38. b4 axb3 39. Bxb3 c5 {
[#] White must now prevent ...c4!} 40. Ra7 $2 (40. Kf3) 40... c4 {Weighted
Error Value: White=0.36/Black=0.09} 0-1

[Event "EICC 2021"]
[Site "Reykjavik"]
[Date "2021.09.04"]
[Round "10.4"]
[White "Vocaturo, Daniele"]
[Black "Gabuzyan, Hovhannes"]
[Result "1-0"]
[WhiteElo "2630"]
[BlackElo "2587"]
[Annotator "TA"]
[PlyCount "125"]
[EventDate "2021.08.26"]
[EventType "swiss"]
[EventCountry "ISL"]
[Tiebreak "Cut1 Buchholz"]
[SourceTitle "playchess.com"]
[Source "ChessBase"]
[SourceQuality "1"]

{[%evp 14,125,12,4,15,9,12,-13,-6,-11,0,-10,-9,-10,-8,-16,-8,-8,-9,-8,17,14,23,
18,58,58,56,56,68,68,71,75,75,74,77,66,100,75,83,63,83,88,84,93,102,96,106,87,
202,190,263,197,183,99,109,106,349,354,316,92,305,283,330,328,304,296,295,33,
62,0,295,285,289,287,630,635,543,452,518,483,829,708,1461,1016,1000,199,422,0,
0,0,0,0,0,0,383,0,376,0,0,0,29966,29969,29972,29974,29972,29972,29981,29982,
29982,29983,29983,29983,29984,29985]} 1. e4 c5 2. Nf3 d6 3. Bb5+ Bd7 4. Bxd7+
Qxd7 5. O-O Nc6 6. c3 Nf6 7. Qe2 e6 8. d4 d5 {B52: Sicilian: Moscow Variation
with 3...Bd7.} 9. e5 Ne4 10. Nbd2 Nxd2 {The position is equal.} 11. Bxd2 Be7 {
[#]} 12. g3 $146 ({Predecessor:} 12. Be3 cxd4 13. Bxd4 Nxd4 14. Nxd4 Bc5 15.
Rad1 Rc8 16. Kh1 h5 17. f4 Bxd4 18. Rxd4 {1/2-1/2 (25) Benkiar,D (1965)-Djabri,
M (1984) Algiers 2020}) 12... Rc8 13. Kg2 O-O 14. h4 h6 15. Rad1 cxd4 16. cxd4
f5 17. exf6 Rxf6 18. Bf4 Bd6 19. Bxd6 Qxd6 20. Ne5 Rff8 21. Ng6 Rf6 22. h5 Ne7
23. Ne5 Rff8 24. Rfe1 Rc7 25. Rd2 Nf5 26. Nf3 Rc6 27. Qd3 Qd8 28. Ne5 Rc8 29.
Ng6 $1 {[%cal Rg6f8]} Re8 30. Nf4 Qb6 (30... Qg5 $16) 31. Re5 $1 $18 Kh8 {[#]}
(31... Re7 $142 32. Rde2 Nxd4) 32. Nxe6 $1 {[%mdl 512]} Nh4+ 33. gxh4 (33. Kh3
$1 $18 Rxe6 34. Kxh4) 33... Rxe6 $16 34. Qf5 Ree8 (34... Rce8 $16 {might work
better.} 35. a3 (35. Rxd5 g6 $16) 35... Rxe5 36. dxe5 Qa5) 35. Rc2 $1 $18 {
[%cal Rc2c8]} (35. Rxd5 Rcd8 $16) 35... Rcd8 36. Rxe8+ $40 {[%mdl 128] White
has strong attack.} ({Not} 36. Rxd5 Rxd5 37. Qxd5 Rd8 $16) 36... Rxe8 37. Rc8
$1 {[%cal Rc8e8]} ({Less strong is} 37. Qxd5 Rd8 $16) 37... Rxc8 38. Qxc8+ {
[%mdl 4096] Endgame KQ-KQ} Kh7 39. Qf5+ Kh8 40. Qf8+ $2 (40. Qxd5 $18 {b3 is
the strong threat.} Qxb2 41. Qc4) 40... Kh7 $14 41. Qf5+ $2 (41. Qc5 $14 Qe6
42. Qc2+ (42. Qxa7 Qg4+ 43. Kf1 Qd1+ 44. Kg2 Qg4+ 45. Kf1 Qd1+ 46. Kg2 Qg4+ $11
) 42... Kg8 43. Kg3) 41... Kh8 $18 42. Qxd5 Qxb2 43. Qc4 {[%cal Rc4c8]} Qb6 $2
(43... b5 44. Qc8+ Kh7) 44. Qc8+ Kh7 45. Qf5+ Kg8 46. d5 Qf6 (46... a5 $142 47.
Qe5 Kf7) 47. Qe6+ Qf7 48. f4 Kf8 49. Qe5 $2 (49. Qxf7+ Kxf7 50. Kf3) 49... Qe7
$2 (49... Qd7 50. Kg3 Kf7) 50. Kg3 $2 (50. Qf5+ $18 Kg8 51. Qe6+ Kf8 52. Kf3)
50... Qa3+ $1 $11 51. Kg4 Qxa2 52. Qb8+ Kf7 {Hoping for ...Qg2+.} 53. Qxb7+ Kf8
$2 {[%mdl 8192]} (53... Ke8 $1 $11 {and Black has nothing to worry.}) 54. Qc8+
$2 ({White has to play} 54. Kf5 $1 $18) 54... Kf7 $2 {[%mdl 8192]} (54... Ke7
$11 55. Qc7+ Kf8) 55. Qf5+ $2 (55. Qd7+ $1 $18 Kf8 56. Qf5+ Ke7 57. Qe5+ Kf7
58. Qf5+ Ke7 59. Qe4+ Kf8 60. Qb4+ Kf7 61. Qb7+ Kf6 62. Qc6+ Kf7 63. Qg6+ Kf8
64. Qf5+ Ke7) 55... Kg8 {[%cal Ra2g2]} 56. Qe4 (56. Qe6+ {is more complex.} Kf8
57. Qd6+ Ke8 58. Qb8+ Kd7 59. Qb5+) 56... Kf7 {[%mdl 8192] [#]} (56... a5 $11)
57. Kf5 $1 {White mates.} Kf8 58. Kg6 Qa6+ {[#]} 59. Kh7 $1 Qc8 60. d6 {
[%csl Gd6][%cal Re4e7]} Qd7 61. Qa8+ Kf7 62. Qd5+ Qe6 63. Qxe6+ {Weighted
Error Value: White=0.47/Black=0.64} 1-0

[Event "EICC 2021"]
[Site "Reykjavik"]
[Date "2021.09.04"]
[Round "10.5"]
[White "Yilmaz, Mustafa"]
[Black "Mamedov, Nidjat"]
[Result "1/2-1/2"]
[WhiteElo "2630"]
[BlackElo "2595"]
[Annotator "TA"]
[PlyCount "52"]
[EventDate "2021.08.26"]
[EventType "swiss"]
[EventCountry "ISL"]
[Tiebreak "Cut1 Buchholz"]
[SourceTitle "playchess.com"]
[Source "ChessBase"]
[SourceQuality "1"]

{[%evp 20,52,22,0,16,17,44,25,16,0,0,0,93,98,87,7,10,0,0,0,0,0,0,0,0,0,0,-14,0,
-10,-5,-25,-20,-17,-18]} 1. d4 Nf6 2. c4 e6 3. Nf3 d5 4. Nc3 c5 5. cxd5 Nxd5 6.
e4 Nxc3 7. bxc3 cxd4 8. cxd4 Bb4+ 9. Bd2 Bxd2+ 10. Qxd2 O-O 11. Bd3 b6 {
D41: Queen's Gambit Declined: Semi-Tarrasch with 5 cxd5.} 12. O-O Bb7 13. Rac1
{[%cal Ba1c1,Bc1c3,Bc3c7][%mdl 32]} Nd7 {White has an edge.} 14. Qf4 Nf6 15.
Rc3 {[#]} Qe7 $5 $146 {[%mdl 8] New and interesting.} (15... Qb8 $11 {keeps
the balance.} 16. Qh4 h6) ({Predecessor:} 15... Rc8 16. Ra3 a6 17. e5 Nd5 18.
Bxh7+ Kh8 19. Qg3 g6 20. Ng5 Rc3 21. Qh4 {1-0 (21) Saric,A (2530)-Hovhannisyan,
M (2462) Dublin 2019}) 16. Rc7 $16 Qa3 {[#]} 17. Bb1 ({Of course not} 17. Rxb7
Qxd3 18. d5 Qxe4 $15) (17. Rd1 $1 $16 Ba6 18. e5 Qxd3 19. Rxd3) 17... Ba6 $11
18. Rfc1 Rac8 19. Rxc8 Rxc8 20. Rxc8+ Bxc8 21. Qc7 Bd7 22. h3 {[#] Threatens
to win with e5.} Be8 23. e5 Nd7 24. Kh2 {Qd8 is the strong threat.} Nf8 25. Qd8
Qa4 26. Be4 Bc6 {Weighted Error Value: White=0.15/Black=0.16} 1/2-1/2

[Event "EICC 2021"]
[Site "Reykjavik"]
[Date "2021.09.04"]
[Round "10.6"]
[White "Piorun, Kacper"]
[Black "Nisipeanu, Liviu-Dieter"]
[Result "1/2-1/2"]
[WhiteElo "2608"]
[BlackElo "2671"]
[Annotator "TA"]
[PlyCount "59"]
[EventDate "2021.08.26"]
[EventType "swiss"]
[EventCountry "ISL"]
[Tiebreak "Cut1 Buchholz"]
[SourceTitle "playchess.com"]
[Source "ChessBase"]
[SourceQuality "1"]

{[%evp 16,59,19,14,0,-14,-8,-15,-11,-10,7,0,0,-6,-6,-6,-2,-2,-2,-2,-2,-2,-3,-3,
-2,0,0,-3,0,0,2,2,2,2,7,4,10,0,0,0,0,0,0,0,0,0]} 1. c4 e6 2. Nf3 d5 3. d4 c6 4.
Qc2 Nf6 5. g3 Nbd7 6. Bg2 Bd6 7. O-O O-O 8. Nc3 {Recently 8.b3 got a lot of
attention.} dxc4 9. Rd1 {The position is equal.} Qe7 {E01: Catalan: Early
deviations.} 10. Bg5 h6 11. Bxf6 Nxf6 12. Nd2 c5 {[#]} 13. Nde4 $146 ({
Predecessor:} 13. Nxc4 cxd4 14. Nxd6 Qxd6 15. Nb5 Qb6 16. Nxd4 e5 17. Nb3 Bg4
18. Qc5 Bxe2 {1/2-1/2 (51) Cordova,E (2564)-Onischuk,A (2663) Puebla 2013})
13... Nxe4 14. Nxe4 cxd4 15. Rxd4 Be5 16. Rxc4 Bd7 17. Nc5 Bb5 18. Rb4 a6 {
aiming for ...Rac8.} 19. a4 $1 {[%cal Ra4b5] [#]} ({Of course not} 19. Bxb7 Ra7
$17) 19... Rac8 $1 20. axb5 Rxc5 {[%mdl 64] Double Attack} 21. Qa4 axb5 22.
Rxb5 Rxb5 23. Qxb5 {[%mdl 64] [#] Double Attack} Qf6 24. Rb1 b6 25. Bf3 Bd4 26.
Kg2 Qe5 27. Qb3 Qc5 28. e3 Bf6 29. Rd1 Rd8 30. Rxd8+ {A rather calm draw. 
Weighted Error Value: White=0.02/Black=0.02} 1/2-1/2

[Event "EICC 2021"]
[Site "Reykjavik"]
[Date "2021.09.04"]
[Round "10.7"]
[White "Ivic, Velimir"]
[Black "Sargissian, Gabriel"]
[Result "1/2-1/2"]
[WhiteElo "2571"]
[BlackElo "2682"]
[Annotator "TA"]
[PlyCount "101"]
[EventDate "2021.08.26"]
[EventType "swiss"]
[EventCountry "ISL"]
[Tiebreak "Cut1 Buchholz"]
[SourceTitle "playchess.com"]
[Source "ChessBase"]
[SourceQuality "1"]

{[%evp 19,101,15,29,18,10,12,17,9,7,0,12,0,11,11,18,12,19,6,0,0,0,-25,56,62,45,
56,59,58,55,54,76,61,64,58,20,20,22,20,25,10,20,0,22,0,0,0,0,-47,0,0,0,0,0,0,0,
0,0,0,0,0,0,0,0,0,0,0,0,0,0,0,0,0,0,0,0,0,0,0,0,0,0,0,0,0]} 1. e4 e5 2. Nf3 Nc6
3. Bb5 a6 4. Ba4 Nf6 5. O-O Be7 6. Re1 b5 7. Bb3 O-O 8. a4 Bb7 9. d3 d6 10. Bd2
Qd7 11. h3 {C88: Closed Ruy Lopez: Anti-Marshall Systems.} Nd8 12. axb5 axb5
13. Rxa8 Bxa8 14. Nc3 Ne6 {[#]} 15. Nd5 $146 {[%cal Bc3d5,Bd5e3,Be3f5][%mdl 32]
} ({Predecessor:} 15. Qa1 Bc6 16. Be3 Ra8 17. Qd1 Nf8 18. d4 Nxe4 19. Nxe4 Bxe4
20. Bg5 Bb7 21. dxe5 {1/2-1/2 (41) Cinar,N (2052)-Babayeva,F (2133) Batumi 1999
}) 15... Bd8 16. Qa1 Bb7 17. Qa7 c6 18. Ne3 Be7 {...Ra8 is the strong threat.}
19. Nf5 Ra8 20. Qe3 Qd8 ({Black should play} 20... Bf8 $11) 21. Ng5 $14 Bc8 $1
22. Nxe7+ Qxe7 23. Qb6 {Threatens to win with Nxe6.} Qe8 24. f4 exf4 {[#]} 25.
Bxf4 d5 26. exd5 Nxd5 27. Qf2 {With the idea Bg3.} h6 ({Reject} 27... Ndxf4 {
[#]} 28. Qxf4 $1 Qf8 29. Nxe6 $16 (29. Bxe6 Bxe6 30. Nxe6 fxe6 $16)) 28. Nxe6
Bxe6 29. Be5 Qf8 30. c3 Re8 (30... Nb4 $5 {[%cal Rb4d3]} 31. Qg3 (31. cxb4 Bxb3
32. Qg3 Kh7 $11) (31. Bxe6 Nxd3 {[%mdl 64] Double Attack} 32. Bd6 Qxd6 $15)
31... Bxb3 $11) 31. c4 Nb4 {Hoping for ...f6.} 32. Re3 Rd8 33. Qg3 {[#]} Nxd3
$1 34. Bf6 {The position is equal.} bxc4 35. Bxd8 Qxd8 36. Bc2 {[%cal Rc2d3]}
Nxb2 37. Kh2 Nd3 (37... g5 {is more complex.} 38. h4 g4 39. Rf3 Kf8 40. Ra3 c5)
38. Bxd3 cxd3 39. Rxd3 $11 {[%mdl 4096] Endgame KQR-KQB} Bd5 40. Ra3 Qf6 41.
Ra8+ Kh7 42. Re8 g6 43. Re2 (43. Re1 {is interesting.} Kg7 44. Re5 Qf1 45. Re1
Qf6) 43... h5 44. Rf2 Qa1 45. Qe3 Kg7 46. Rf4 (46. Qg3 {feels hotter.} Kh7)
46... Qb2 {[%csl Gd5][%cal Rb2g2]} 47. Rf2 Qb8+ 48. Kg1 Qb1+ 49. Rf1 Qb2 {
[%csl Gd5][%cal Rb2g2]} 50. Rf2 Qa1+ 51. Rf1 {Weighted Error Value: White=0.05/
Black=0.07} 1/2-1/2

[Event "EICC 2021"]
[Site "Reykjavik"]
[Date "2021.09.04"]
[Round "10.8"]
[White "Navara, David"]
[Black "Can, Emre"]
[Result "1-0"]
[WhiteElo "2675"]
[BlackElo "2569"]
[Annotator "TA"]
[PlyCount "65"]
[EventDate "2021.08.26"]
[EventType "swiss"]
[EventCountry "ISL"]
[Tiebreak "Cut1 Buchholz"]
[SourceTitle "playchess.com"]
[Source "ChessBase"]
[SourceQuality "1"]

{[%evp 21,65,20,27,30,30,31,47,49,52,64,63,57,108,112,139,141,149,112,122,71,
89,82,105,93,139,147,144,97,122,124,205,203,210,206,196,214,269,275,558,629,
593,565,1183,1060,1334,1296]} 1. e4 c5 2. Nf3 d6 3. Bb5+ Bd7 4. Bxd7+ Qxd7 5.
c4 Nf6 6. Nc3 Nc6 7. d4 cxd4 8. Nxd4 g6 9. f3 Bg7 10. Be3 O-O 11. O-O a6 12.
Qd3 $1 {[%mdl 4] is more profitable than 12.a4 at the moment. B52: Sicilian:
Moscow Variation with 3...Bd7.} Rac8 13. b3 {[#]} Rb8 $146 ({Predecessor:} 
13... Qc7 14. Nxc6 Qxc6 15. Rac1 e6 16. Rfd1 Rfd8 17. Bd4 b6 18. Qe3 Rb8 19.
Qg5 h6 20. Qh4 Nd7 21. Bxg7 Kxg7 {0-1 (62) Navara,D (2697)-Van Wely,L (2620)
Tornelo INT 2021}) 14. Nxc6 {White is slightly better.} bxc6 15. Rad1 Qe6 16.
c5 {[%cal Rc5d6]} dxc5 (16... Rbd8 $14) 17. Bxc5 $16 ({Don't play} 17. Qxa6 $6
Ng4 $11) 17... a5 18. Na4 h5 19. Bd4 Rfd8 20. Nc5 (20. Qe3 $142) 20... Qc8 {
aiming for ...e5!} 21. Qc3 Rb4 {Threatens to win with ...Rdxd4!} 22. Be5 $36 {
[%mdl 2048] Keeping Black busy.} Rb5 23. a4 $1 {[%cal Ra4b5]} Rb4 24. h4 Qa8
25. Kh1 Ne8 {[#]} (25... Kh7 $16 {is a better defense.} 26. Rd3 Rxd3 27. Nxd3
Rb7) 26. Bxg7 $1 $18 Nxg7 {[#]} 27. Qe5 Re8 28. Rd7 Qb8 29. Qg5 Qc8 $2 (29...
Rb6 30. f4 Rxb3) 30. Rfd1 {White is clearly winning.} Kf8 31. R1d3 Rb8 32. f4
Kg8 33. f5 {Weighted Error Value: White=0.07/Black=0.35} 1-0